|
|
|
|
| LEADER |
00000nam0a2200000 4500 |
| 001 |
330516 |
| 005 |
20231102004252.0 |
| 035 |
|
|
|a (RuTPU)RU\TPU\book\356290
|
| 090 |
|
|
|a 330516
|
| 100 |
|
|
|a 20170405d1965 m y0rusy50 ca
|
| 101 |
0 |
|
|a rus
|
| 102 |
|
|
|a RU
|
| 105 |
|
|
|a a j 001zy
|
| 200 |
1 |
|
|a Проведение и крепление горных выработок
|e учебное пособие
|f В. В. Орлов [и др.]
|
| 210 |
|
|
|a Москва
|c Недра
|d 1965
|
| 215 |
|
|
|a 496 с.
|c ил.
|
| 320 |
|
|
|a Библиогр.: с. 492
|
| 606 |
1 |
|
|a Проведение горных выработок
|2 stltpush
|3 (RuTPU)RU\TPU\subj\73334
|9 86366
|
| 606 |
1 |
|
|a Рудничное крепление
|x Испытание
|2 stltpush
|3 (RuTPU)RU\TPU\subj\25553
|9 49681
|
| 610 |
1 |
|
|a крепление
|
| 610 |
1 |
|
|a горные породы
|
| 610 |
1 |
|
|a механика
|
| 610 |
1 |
|
|a крепь
|
| 610 |
1 |
|
|a камеры
|
| 610 |
1 |
|
|a проходка
|
| 610 |
1 |
|
|a углубка
|
| 610 |
1 |
|
|a вертикальные стволы
|
| 610 |
1 |
|
|a шахты
|
| 610 |
1 |
|
|a сложные условия
|
| 610 |
1 |
|
|a ремонт
|
| 610 |
1 |
|
|a реконструкция
|
| 610 |
1 |
|
|a учебные пособия
|
| 675 |
|
|
|a 622.261(075.8)
|v 4
|
| 675 |
|
|
|a 622.281(075.8)
|v 4
|
| 701 |
|
1 |
|a Орлов
|b В. В.
|g Василий Васильевич
|
| 701 |
|
1 |
|a Янчур
|b А. М.
|g Александр Михайлович
|
| 701 |
|
1 |
|a Бабичев
|b Н. С.
|g Николай Семенович
|
| 701 |
|
1 |
|a Петров
|b А. М.
|g Анатолий Моисеевич
|
| 701 |
|
1 |
|a Пономаренко
|b А. К.
|g Алексей Кузьмич
|
| 801 |
|
1 |
|a RU
|b 63413507
|c 20170405
|
| 801 |
|
2 |
|a RU
|b 63413507
|c 20170406
|g RCR
|
| 942 |
|
|
|c BK
|